000 00494nam a2200181Ia 4500
005 20250326124735.0
008 250326s9999 xx 000 0 und d
037 _aTextbook
040 _aFMSL
_beng
_cFMSL
041 _aeng
_2eng
084 _aX:89A L62
_qFMSL
100 _aVerzijl J J
245 0 _aProduction planning and information systems
_cVerzijl J J
260 _aNY
_bNY, John Wiley
_c1976
300 _a124p
942 _cTB
_hX:89A L62
999 _c1275002
_d1275002